Sports Quiz

Random Sports or NBA Quiz

NBA All-Star Game 20-Point Scorers Quiz Stats

 Plays Quiz Updated Mar 8, 2021

Support Sporcle.
Go Orange.
Score 0/216 Timer 20:00
5 Plays Today
Year Player % Correct
2006LeBron James
97%
2007LeBron James
97%
2008LeBron James
97%
2009LeBron James
97%
2010LeBron James
97%
2011LeBron James
97%
2012LeBron James
97%
2014LeBron James
97%
2015LeBron James
97%
2017LeBron James
96.7%
2018LeBron James
96.5%
2021Stephen Curry
96.4%
2020LeBron James
96.2%
1988Michael Jordan
96.1%
1989Michael Jordan
96.1%
1991Michael Jordan
96.1%
1993Michael Jordan
96.1%
1996Michael Jordan
96.1%
1998Michael Jordan
96.1%
2003Michael Jordan
96.1%
2002Kobe Bryant
95.5%
2003Kobe Bryant
95.5%
2004Kobe Bryant
95.5%
2007Kobe Bryant
95.5%
2009Kobe Bryant
95.5%
2011Kobe Bryant
95.5%
2012Kobe Bryant
95.5%
2021James Harden
95.4%
2021Kyrie Irving
94.4%
2016Kevin Durant
94.1%
2016Stephen Curry
94%
2017Stephen Curry
93.7%
2011Kevin Durant
93.7%
2012Kevin Durant
93.7%
2013Kevin Durant
93.7%
2014Kevin Durant
93.7%
1965Jerry West
93.4%
1970Jerry West
93.4%
2017Kevin Durant
93%
2021Damian Lillard
92.6%
2021Giannis Antetokounmpo
92.5%
2016Russell Westbrook
92.5%
2019Kevin Durant
92.1%
1995Shaquille O'Neal
92.1%
1996Shaquille O'Neal
92.1%
2000Shaquille O'Neal
92.1%
2004Shaquille O'Neal
92.1%
2012Russell Westbrook
92%
2015Russell Westbrook
92%
2006Dwyane Wade
92%
2010Dwyane Wade
92%
2012Dwyane Wade
92%
2013Dwyane Wade
92%
1985Magic Johnson
91.2%
1990Magic Johnson
91.2%
1992Magic Johnson
91.2%
2017Russell Westbrook
91.2%
2016James Harden
90.8%
2007Carmelo Anthony
90.7%
2010Carmelo Anthony
90.7%
2013Carmelo Anthony
90.7%
2014Carmelo Anthony
90.7%
1980Eddie Johnson
90.6%
1965Gus Johnson
90.6%
2015James Harden
90%
2021Jayson Tatum
89.6%
2021Bradley Beal
89.6%
2016Anthony Davis
89.2%
2017Anthony Davis
88.7%
2017Kyrie Irving
88.5%
2014Kyrie Irving
88.5%
2013Chris Paul
88.2%
Year Player % Correct
2000Allen Iverson
88.2%
2001Allen Iverson
88.2%
2003Allen Iverson
88.2%
2020Anthony Davis
88%
2000Kevin Garnett
87.8%
2003Kevin Garnett
87.8%
2021Jaylen Brown
87.8%
2012Blake Griffin
87.4%
2014Blake Griffin
87.4%
2017Isaiah Thomas
86.8%
2010Dirk Nowitzki
86.4%
1985Larry Bird
86.1%
1986Larry Bird
86.1%
2016Paul George
86.1%
2016John Wall
86.1%
2020Chris Paul
85.6%
2020Kawhi Leonard
85.6%
2000Tim Duncan
85.3%
1988Karl Malone
84.8%
1989Karl Malone
84.8%
1993Karl Malone
84.8%
1980Moses Malone
84.7%
1987Moses Malone
84.7%
1994Scottie Pippen
84.3%
2020Giannis Antetokounmpo
84.3%
2019Giannis Antetokounmpo
84.3%
2018Damian Lillard
84.1%
1960Wilt Chamberlain
83.9%
1962Wilt Chamberlain
83.9%
1965Wilt Chamberlain
83.9%
1966Wilt Chamberlain
83.9%
2019Paul George
83.6%
2008Ray Allen
82.8%
2007Dwight Howard
82.7%
1984Isiah Thomas
81.6%
1985Isiah Thomas
81.6%
1986Isiah Thomas
81.6%
1976Kareem Abdul-Jabbar
81.5%
1977Kareem Abdul-Jabbar
81.5%
1983Kareem Abdul-Jabbar
81.5%
1984Kareem Abdul-Jabbar
81.5%
1986Kareem Abdul-Jabbar
81.5%
2002Tracy McGrady
81.2%
2003Tracy McGrady
81.2%
2006Tracy McGrady
81.2%
2020Joel Embiid
81%
1993David Robinson
80.2%
2018DeMar DeRozan
79.7%
1994Patrick Ewing
78.4%
1988Hakeem Olajuwon
76.4%
2007Amar'e Stoudemire
76.2%
2011Amar'e Stoudemire
76.2%
2020Kemba Walker
76%
2020Rudy Gobert
75.9%
1961Bill Russell
74.4%
2019Khris Middleton
74%
2010Chris Bosh
73%
1977Julius Erving
72.6%
1979Julius Erving
72.6%
1983Julius Erving
72.6%
1984Julius Erving
72.6%
1987Julius Erving
72.6%
2017Giannis Antetokounmpo
72.5%
2019Klay Thompson
71.9%
1992Clyde Drexler
71.1%
2012Deron Williams
70.9%
1982Gus Williams
70.7%
1961Oscar Robertson
70.6%
1962Oscar Robertson
70.6%
1963Oscar Robertson
70.6%
1965Oscar Robertson
70.6%
1964Oscar Robertson
70.6%
Year Player % Correct
1967Oscar Robertson
70.6%
1969Oscar Robertson
70.6%
1970Oscar Robertson
70.6%
1988Dominique Wilkins
67.1%
2015Kyle Korver
66.1%
1986James Worthy
65.9%
1987James Worthy
65.9%
1954Bob Cousy
62.5%
1955Bob Cousy
62.5%
1958Bob Cousy
62.5%
1979George Gervin
62%
1980George Gervin
62%
1985George Gervin
62%
1959Elgin Baylor
57.3%
1960Elgin Baylor
57.3%
1962Elgin Baylor
57.3%
1967Elgin Baylor
57.3%
1968Elgin Baylor
57.3%
1969Elgin Baylor
57.3%
1978David Thompson
55.7%
1979David Thompson
55.7%
1956Bob Pettit
54.1%
1957Bob Pettit
54.1%
1958Bob Pettit
54.1%
1959Bob Pettit
54.1%
1961Bob Pettit
54.1%
1962Bob Pettit
54.1%
1963Bob Pettit
54.1%
1968John Havlicek
53.5%
1994Mark Price
51%
2003Steve Francis
51%
1952George Mikan
50.8%
1953George Mikan
50.8%
1982Robert Parish
49.6%
1967Rick Barry
49.2%
1975Rick Barry
49.2%
1975Walt Frazier
48%
1970Willis Reed
47.7%
1978Randy Smith
45.5%
1997Glen Rice
45.5%
1966Adrian Smith
45.5%
1976Bob McAdoo
44%
1977Bob McAdoo
44%
1995Mitch Richmond
43.7%
1985Ralph Sampson
40%
1987Tom Chambers
40%
1990Tom Chambers
40%
1980Adrian Dantley
39.7%
1970Elvin Hayes
39%
1975Tiny Archibald
31.5%
1961Dolph Schayes
29.3%
1969Earl Monroe
27.9%
1974Bob Lanier
26.2%
1983Sidney Moncrief
25.7%
1952Paul Arizin
23.5%
1958Paul Arizin
23.5%
1987Rolando Blackman
23%
1968Hal Greer
21.9%
1971Lenny Wilkens
21.7%
1989Dale Ellis
21.4%
1965Jerry Lucas
21.4%
1962Walt Bellamy
16.6%
1977Paul Westphal
16.1%
1978Paul Westphal
16.1%
1980Paul Westphal
16.1%
1967Dave DeBusschere
14.5%
1974Spencer Haywood
11%
1951Ed Macauley
9.5%
1960Jack Twyman
9.4%
1962Richie Guerin
7.3%
1961Clyde Lovellette
3.7%
1954Jim Pollard
3.6%

From the Vault

'I'-Less European Capitals

by leppyfresh

These capitals must have some sort of sonar or something.
Remove Ads.
Support Sporcle.
Get the best of Sporcle when you Go Orange. This ad-free experience offers more features, more stats, and more fun while also helping to support Sporcle. Thank you for becoming a member.

Show Comments

Extras

Top Quizzes Today


Score Distribution

Your Account Isn't Verified!

In order to create a playlist on Sporcle, you need to verify the email address you used during registration. Go to your Sporcle Settings to finish the process.

Report this User

Report this user for behavior that violates our Community Guidelines.

Details: